Online Catalogue and eLibrary

DERAP's first 25 years : (Record no. 645)

MARC details
000 -LEADER
fixed length control field 00560nam a2200157Ia 4500
005 - DATE AND TIME OF LATEST TRANSACTION
control field 20240625015221.0
008 - FIXED-LENGTH DATA ELEMENTS--GENERAL INFORMATION
fixed length control field 240331s9999 xx 000 0 und d
020 ## - INTERNATIONAL STANDARD BOOK NUMBER
ISBN 8290584180
082 ## - DDC Classification
Class No. 060
Item Number - Author Mark NOR
100 ## - MAIN ENTRY--PERSONAL NAME
Personal name Norbye, O.D.K
245 #0 - TITLE STATEMENT
Title DERAP's first 25 years :
Remainder of title The history of the development action and reaseach programme at the chr.Michelsen institute
260 ## - PUBLICATION, DISTRIBUTION, ETC.
Place of publication, distribution, etc. Norway
Name of publisher, distributor, etc. Chr.Michelsen Institute
Date of publication, distribution, etc. 1995
300 ## - PHYSICAL DESCRIPTION
Extent (e.g. Volumes, Pages etc.) xii,105 p.,
500 ## - GENERAL NOTE
General note The history of the Development Action and Research Programme at the Chr. Michelsen Institute.
942 ## - Koha item type (Biblio)
Koha item type Books in Stacks (Lending)
Holdings
Lost status Damaged status Collection code Home library Current library Shelving location Date acquired Full call number Accession Number Item type
    Lending WERC Library WERC Library Social Science Cupboard 03/31/2024 060 NOR 3892 Books in Stacks (Lending)

© WERC Library